Представление документа в формате MARC21

Поле Инд. ПП Название Значение
Тип записи a
Библиографический уровень b
001 Контрольный номер RU/IS/BASE/234629433
005 Дата корректировки 20200610181749.9
040 b Код языка каталог. rus
e Правила каталог. PSBO
041 0_ a Код языка текста rus
084 a Индекс другой классификации/Индекс ББК 83.3(2=411.2)6
100 1_ a Автор Акулова А. С.
245 10 a Заглавие Значение структуры ложного узнавания в аспекте проблемы единства автора и текста
b Продолж. заглавия (на материале поэзии В. Хлебникова)
504 a Библиография Библиогр. - Примеч.: с. 126 - 127
520 a Аннотация Цель данной работы - попытка определить значение структуры ложного узнавания в поэтике Хлебникова, имеющей в литературе свою историю форм выражения и типологически противопоставленной в концепции Лотмана семантической организации структуры текста в диахроническом плане описания стадий развития культуры
600 a Персоналии Хлебников Велимир
650 a Основная рубрика история литературы
a Основная рубрика литературоведение
a Основная рубрика филологические науки
653 a Ключевые слова "Трущобы"
a Ключевые слова метаязык
a Ключевые слова мифологическое мышление
a Ключевые слова поэзия
a Ключевые слова поэтический текст
a Ключевые слова ритмическая структура
a Ключевые слова Россия
a Ключевые слова семантическая структура
a Ключевые слова стихотворения
a Ключевые слова структура ложного узнавания
a Ключевые слова структура текста
a Ключевые слова футуризм
a Ключевые слова язык автора
773 0_ t Заглавие источника Вестник Московского университета. Серия 9, Филология
d Дата издания источника 2006
g Прочая информация № 5. - С. 116 - 127
w Контрольный № источника RU/IS/BASE/220371624
901 t Тип документа b